Statistiques concernant Pays sans "A" ni "E"

Cliquez ici pour prendre le quiz!

Statistiques générales

  • Ce quiz a été pris 184 fois
  • Le résultat moyen est 5 sur 7

Statistiques - réponses

Pays% Correct
Chili
80%
Togo
79%
Fidji
72%
Kosovo
67%
Congo
58%
Djibouti
57%
Burundi
50%

Distribution des résultats

Percentile par nombre de réponses

% des personnes avec chaque résultat

Votre développement - résultats

Vous n’avez pas pris ce quiz